Sport pratiqué par ces sportifs français marquants de la décennie - Statistiques

Statistiques générales
  • Ce quiz a été pris 579 fois
  • Le résultat moyen est 14 sur 18
Statistiques - réponses
Hint Réponse % Correct
Tony Parker Basketball
100%
Hugo Lloris Football
99%
Florent Manaudou Natation
99%
Teddy Riner Judo
97%
Nikola Karabatic Handball
93%
Renaud Lavillenie Saut à la perche
91%
Martin Fourcade Biathlon
90%
Eugénie Le Sommer Football
88%
Kévin Mayer Decathlon
85%
Clarisse Agbegnenou Judo
80%
Christophe Lemaitre Course
79%
Sébastien Ogier Rallye
77%
Thomas Voeckler Cyclisme sur route
76%
Yohann Diniz Marche athlétique
71%
Perrine Lafont Ski acrobatique
67%
Estelle Mossely Boxe
65%
Pauline Ferrand-Prévot Cyclisme sur route, cyclo-cross, VTT
64%
Antoine Albeau Planche à voile
13%
Aucun quiz correspondant
Distribution des résultats
% des personnes avec chaque résultat
Percentile par nombre de réponses
Votre historique - résultats
Vous n’avez pas pris ce quiz